[Event "St Petersburg Korchnoi Memorial op"]
[White "Oorzhak, Aldar"]
[Black "Zadorozhy, Egor"]
[Site "St Petersburg"]
[Round "9"]
[Result "1/2-1/2"]
[Date "2023.08.24"]
[WhiteElo "1814"]
[BlackElo "1516"]
[PlyCount "120"]
[EventDate "2023.08.18"]
[EventType "swiss"]
[EventRounds "9"]
[EventCountry "RUS"]
[SourceTitle "CBM 216 Extra"]
[Source "ChessBase"]
[SourceDate "2023.11.30"]
[SourceVersion "1"]
[SourceVersionDate "2023.11.30"]
[SourceQuality "1"]

1. e4 c5 2. Nf3 d6 3. d4 cxd4 4. Nxd4 Nf6 5. Nc3 a6 6. h3 e5 7. Nf3 Be7 8. g4 Be6 9. Ng5 0-0 10. Nxe6 fxe6 11. Be3 d5 12. g5 d4 13. gxf6 Bxf6 14. Bc1 Bh4 15. Rh2 Qf6 16. Qe2 dxc3 17. bxc3 Nc6 18. Be3 Nd4 19. cxd4 exd4 20. Rd1 dxe3 21. Qxe3 Bg5 22. e5 Qf5 23. Bd3 Bxe3 24. Bxf5 Rxf5 25. fxe3 Rxe5 26. Rd3 Rf8 27. Rg2 g6 28. Ke2 Rc5 29. Kd2 Rh5 30. e4 Ra5 31. a3 Ra4 32. Ke3 Rf1 33. Rgd2 Re1+ 34. Kf3 Rexe4 35. Rd8+ Kg7 36. R2d7+ Kh6 37. Rh8 Rec4 38. Rhxh7+ Kg5 39. Rd3 Rxc2 40. Rxb7 Ra2 41. Rdb3 a5 42. Kg3 e5 43. Re3 Kf5 44. Rb5 R4xa3 45. Rbxe5+ Kf6 46. Re6+ Kg5 47. R6e5+ Kh6 48. Rxa3 Rxa3+ 49. Kg4 Ra4+ 50. Kg3 Ra1 51. Rb5 a4 52. Ra5 a3 53. h4 a2 54. Kg2 Kg7 55. Kh2 Kf6 56. Kg2 Ke6 57. Kh2 Kd6 58. Kg2 Kc6 59. Kh2 Kb6 60. Ra3 Kb5 1/2-1/2

[Event "St Petersburg Korchnoi Memorial op"]
[White "Oorzhak, Aldar"]
[Black "Lezin, Aleksandr"]
[Site "St Petersburg"]
[Round "5"]
[Result "1-0"]
[Date "2023.08.21"]
[WhiteElo "1814"]
[BlackElo "1414"]
[PlyCount "55"]
[EventDate "2023.08.18"]
[EventType "swiss"]
[EventRounds "9"]
[EventCountry "RUS"]
[SourceTitle "CBM 216 Extra"]
[Source "ChessBase"]
[SourceDate "2023.11.30"]
[SourceVersion "1"]
[SourceVersionDate "2023.11.30"]
[SourceQuality "1"]

1. e4 e6 2. d4 d5 3. e5 c5 4. c3 Nc6 5. Nf3 Qb6 6. a3 Nh6 7. b4 cxd4 8. cxd4 Nf5 9. Be3 Be7 10. Nc3 Bd7 11. Rc1 0-0 12. Bd3 Nxe3 13. fxe3 f6 14. exf6 Bxf6 15. 0-0 Qd8 16. Bb5 Ne7 17. e4 dxe4 18. Nxe4 Nd5 19. Nxf6+ Rxf6 20. Ne5 Be8 21. Qg4 g6 22. Rxf6 Qxf6 23. Rf1 Qe7 24. Bc4 Rd8 25. Qh3 Rd6 26. Ng4 Kh8 27. Ne5 Nf6 28. Rxf6 1-0

[Event "Alushta Blitz op"]
[White "Chudinovskikh, Alexander M"]
[Black "Oorzhak, Aldar"]
[Site "Alushta"]
[Round "11"]
[Result "0-1"]
[Date "2023.07.14"]
[WhiteElo "2070"]
[BlackElo "1814"]
[PlyCount "91"]
[EventDate "2023.07.14"]
[EventType "swiss (blitz)"]
[EventRounds "13"]
[EventCountry "UKR"]
[SourceTitle "CBM 215 Extra"]
[Source "ChessBase"]
[SourceDate "2023.09.30"]
[SourceVersion "1"]
[SourceVersionDate "2023.09.30"]
[SourceQuality "1"]

1. e4 c5 2. Nf3 d6 3. Bb5+ Nd7 4. c3 a6 5. Ba4 Ngf6 6. Bc2 e5 7. d4 cxd4 8. cxd4 exd4 9. Nxd4 Be7 10. 0-0 0-0 11. Nc3 Nc5 12. Re1 Re8 13. Bg5 h6 14. Bf4 Bf8 15. Bg3 Bg4 16. Qd2 Rc8 17. h3 Bd7 18. Rad1 b5 19. a3 Qb6 20. f4 a5 21. Bf2 b4 22. axb4 axb4 23. Nd5 Nxd5 24. exd5 Rxe1+ 25. Rxe1 Re8 26. Rxe8 Bxe8 27. Nb3 Qb5 28. Nxc5 dxc5 29. d6 Bd7 30. Be4 Qb6 31. Qd5 Qxd6 32. Qa8 Qd1+ 33. Kh2 Qd6 34. Bg3 f5 35. Bd5+ Be6 36. Bf3 c4 37. Qa1 Bd5 38. Bxd5+ Qxd5 39. Qc1 Bd6 40. Qe3 Qe4 41. Qf2 c3 42. bxc3 bxc3 43. Qa2+ Kh7 44. Qa6 Bxf4 45. Qc8 Bxg3+ 46. Kxg3 0-1

[Event "Alushta Blitz op"]
[White "Ivanov, Maxim1"]
[Black "Oorzhak, Aldar"]
[Site "Alushta"]
[Round "4"]
[Result "0-1"]
[Date "2023.07.14"]
[WhiteElo "1704"]
[BlackElo "1814"]
[PlyCount "72"]
[EventDate "2023.07.14"]
[EventType "swiss (blitz)"]
[EventRounds "13"]
[EventCountry "UKR"]
[SourceTitle "CBM 215 Extra"]
[Source "ChessBase"]
[SourceDate "2023.09.30"]
[SourceVersion "1"]
[SourceVersionDate "2023.09.30"]
[SourceQuality "1"]

1. e4 c5 2. c3 Nf6 3. e5 Nd5 4. d4 cxd4 5. cxd4 d6 6. Nf3 e6 7. Bd3 Be7 8. exd6 Qxd6 9. 0-0 0-0 10. Nc3 Nc6 11. Ne4 Qd8 12. a3 h6 13. Bc2 b6 14. Re1 Bb7 15. Qd3 f5 16. Nc3 Nxc3 17. bxc3 Na5 18. Rxe6 Rc8 19. Ne5 Qd5 20. Rg6 Bg5 21. Nf3 Qf7 22. Rxg5 hxg5 23. Nxg5 Qh5 24. h3 f4 25. Nh7 Rf7 26. Bb1 Re8 27. Bd2 Be4 28. Qb5 Qxb5 29. Ba2 Bxh7 30. Bxf7+ Kxf7 31. Bxf4 Qf5 32. Bg3 Nc4 33. Rf1 Nd2 34. Ra1 Qc2 35. d5 Re2 36. d6 Ne4 0-1

[Event "Alushta op"]
[White "Hasangatin, Ramil"]
[Black "Oorzhak, Aldar"]
[Site "Alushta"]
[Round "1"]
[Result "1-0"]
[Date "2023.07.02"]
[WhiteElo "2457"]
[BlackElo "1814"]
[PlyCount "80"]
[EventDate "2023.07.02"]
[EventType "swiss"]
[EventRounds "9"]
[EventCountry "UKR"]
[SourceTitle "CBM 215 Extra"]
[Source "ChessBase"]
[SourceDate "2023.09.30"]
[SourceVersion "1"]
[SourceVersionDate "2023.09.30"]
[SourceQuality "1"]

1. d4 d5 2. Nc3 Nf6 3. Bg5 Bf5 4. Bxf6 exf6 5. e3 Be7 6. Bd3 Bg6 7. Qf3 c6 8. Nge2 Nd7 9. e4 Nb6 10. 0-0 0-0 11. Rad1 Re8 12. exd5 Nxd5 13. Nxd5 Qxd5 14. Qxd5 cxd5 15. Nf4 Red8 16. Rfe1 Bf8 17. g4 Rac8 18. Re2 Bxd3 19. Rxd3 b5 20. a3 a5 21. h3 g6 22. Kf1 Bh6 23. Ng2 Bc1 24. Rb3 a4 25. Rxb5 Rb8 26. Ra5 Rxb2 27. Rxa4 Ra2 28. c3 Rxa3 29. Rxa3 Bxa3 30. Ra2 Bc1 31. Ke2 Rc8 32. Kd3 Kg7 33. Kc2 Bh6 34. Ra5 Rd8 35. f4 Kg8 36. Kd3 Kf8 37. h4 Ke7 38. Ne3 f5 39. g5 Bg7 40. Nxd5+ Kd6 1-0

[Event "RUS-ch Silent"]
[White "Kasharin, Valentin"]
[Black "Oorzhak, Aldar"]
[Site "Zelenograd"]
[Round "6"]
[Result "0-1"]
[Date "2022.04.13"]
[WhiteElo "1772"]
[BlackElo "1800"]
[PlyCount "94"]
[EventDate "2022.04.09"]
[EventType "swiss"]
[EventRounds "11"]
[EventCountry "RUS"]
[SourceTitle "EXT 2023"]
[Source "ChessBase"]
[SourceDate "2022.10.05"]
[SourceVersion "1"]
[SourceVersionDate "2022.10.05"]
[SourceQuality "1"]

1. e4 c5 2. Nf3 d6 3. Bb5+ Nd7 4. 0-0 a6 5. Be2 Ngf6 6. Nc3 e6 7. d4 cxd4 8. Nxd4 Be7 9. Kh1 0-0 10. Bg5 Qc7 11. f4 Re8 12. Nf3 h6 13. Bh4 b5 14. a3 Bb7 15. Nd2 e5 16. Bg3 exf4 17. Rxf4 Bf8 18. Qf1 Ne5 19. Qf2 Ng6 20. Rxf6 gxf6 21. Qxf6 Bg7 22. Qf3 Rac8 23. Rf1 Rf8 24. Ndb1 Qe7 25. Bd3 Ne5 26. Bxe5 Qxe5 27. Qh3 Rce8 28. Nd2 Bc8 29. Qh4 Qg5 30. Qe1 Bg4 31. h3 Be6 32. Nd1 d5 33. Nf3 Qh5 34. e5 Bg4 35. c3 Bxf3 36. Rxf3 Rxe5 37. Ne3 Rfe8 38. Qf2 Qg5 39. Nf5 Re1+ 40. Bf1 R8e2 41. Qg1 Be5 42. Rf2 Rxf2 43. Qxf2 Qf4 44. Qxf4 Bxf4 45. Kg1 Bc1 46. Kf2 Re5 47. b3 Rxf5+ 0-1

[Event "RUS-ch Silent"]
[White "Oorzhak, Aldar"]
[Black "Davydov, Evgeny G"]
[Site "Zelenograd"]
[Round "11"]
[Result "0-1"]
[Date "2020.10.10"]
[WhiteElo "1835"]
[BlackElo "1949"]
[PlyCount "78"]
[EventDate "2020.10.03"]
[EventType "swiss"]
[EventRounds "11"]
[EventCountry "RUS"]
[SourceTitle "EXT 2022"]
[Source "ChessBase"]
[SourceDate "2021.10.06"]
[SourceVersion "1"]
[SourceVersionDate "2021.10.06"]
[SourceQuality "1"]

1. d4 d5 2. Nf3 e6 3. c4 c5 4. g3 Nc6 5. Bg2 dxc4 6. Qa4 cxd4 7. Nxd4 Qxd4 8. Bxc6+ Bd7 9. Bxd7+ Qxd7 10. Qxd7+ Kxd7 11. 0-0 Bb4 12. a3 Ba5 13. a4 Nf6 14. Na3 Rhc8 15. Nb5 a6 16. Rd1+ Ke7 17. Nd6 Rd8 18. Bf4 c3 19. bxc3 Bxc3 20. Rab1 Rd7 21. Rd3 Nd5 22. e4 Nxf4 23. gxf4 Rb8 24. e5 Ba5 25. f5 Bc7 26. fxe6 Kxe6 27. Re1 b5 28. axb5 axb5 29. Ne4 Rxd3 30. Nc5+ Kd5 31. Nxd3 b4 32. f4 b3 33. Kf1 Kd4 34. Nb2 Ba5 35. Re2 Bc3 36. Nd1 b2 37. Nxb2 Rxb2 38. e6 Rxe2 39. exf7 Bb4 0-1

[Event "RUS-ch Silent"]
[White "Kozlov, Valery Ger"]
[Black "Oorzhak, Aldar"]
[Site "Zelenograd"]
[Round "6"]
[Result "0-1"]
[Date "2020.10.08"]
[WhiteElo "1780"]
[BlackElo "1835"]
[PlyCount "106"]
[EventDate "2020.10.03"]
[EventType "swiss"]
[EventRounds "11"]
[EventCountry "RUS"]
[SourceTitle "EXT 2022"]
[Source "ChessBase"]
[SourceDate "2021.10.06"]
[SourceVersion "1"]
[SourceVersionDate "2021.10.06"]
[SourceQuality "1"]

1. c4 e5 2. g3 c6 3. Bg2 Nf6 4. Nc3 Be7 5. d3 0-0 6. Nf3 d5 7. cxd5 cxd5 8. Nxe5 d4 9. Nb1 Qa5+ 10. Nd2 Qxe5 11. Nf3 Qa5+ 12. Bd2 Qb6 13. Qc2 Nc6 14. 0-0 h6 15. a3 Be6 16. b4 Rfd8 17. Bc1 Ng4 18. Bb2 Nge5 19. Nd2 Rac8 20. Qd1 a5 21. h3 axb4 22. a4 Na5 23. f4 Nec6 24. Kh2 Bf8 25. f5 Bd5 26. Ne4 Nb3 27. Rb1 Nc5 28. Rf4 Bxe4 29. dxe4 Bd6 30. Rh4 Be7 31. Rf4 Bg5 32. Rf1 d3 33. h4 dxe2 34. Qxe2 Be7 35. Qg4 f6 36. Bc1 Ne5 37. Qh5 Bf8 38. g4 Qc7 39. Bf4 Qf7 40. Bxe5 Qxh5 41. gxh5 fxe5 42. Rxb4 Be7 43. Rb6 Rd2 44. Kh3 Bd8 45. Rg6 Bf6 46. Rc1 Rc6 47. a5 Nd3 48. Rb1 Nf4+ 49. Kh2 Nxg6 50. hxg6 Rcc2 51. Rxb7 Rxg2+ 52. Kh1 Rgd2 53. a6 Rc1# 0-1

[Event "RUS-ch Silent"]
[White "Solovey, Vjacheslav"]
[Black "Oorzhak, Aldar"]
[Site "Zelenograd"]
[Round "3"]
[Result "0-1"]
[Date "2019.04.05"]
[WhiteElo "1722"]
[BlackElo "1898"]
[PlyCount "124"]
[EventDate "2019.04.03"]
[EventType "swiss"]
[EventRounds "11"]
[EventCountry "RUS"]
[SourceTitle "CBM 190 Extra"]
[Source "ChessBase"]
[SourceDate "2019.07.15"]
[SourceVersion "1"]
[SourceVersionDate "2019.07.15"]
[SourceQuality "1"]

1. d4 Nf6 2. Nf3 c5 3. c3 d5 4. Bf4 Nc6 5. e3 Qb6 6. b3 e6 7. Nbd2 Be7 8. Bd3 0-0 9. 0-0 h6 10. Ne5 Qd8 11. Nxc6 bxc6 12. Nf3 a5 13. Qc2 Nh5 14. Bg3 Bd7 15. Ne5 Be8 16. Qe2 Nxg3 17. fxg3 Bd6 18. Nf3 f5 19. Bc2 Bd7 20. Qd3 Bc8 21. Qd2 Ba6 22. Rf2 a4 23. bxa4 Qa5 24. dxc5 Bxc5 25. Nd4 Rae8 26. Nb3 Qb6 27. Nxc5 Qxc5 28. Qd4 Qd6 29. Qd2 Rb8 30. Bb3 Qe7 31. Rc1 Qa3 32. c4 Rbc8 33. Qd1 dxc4 34. Bxc4 Bxc4 35. Rxc4 Qxe3 36. Qd2 Qa3 37. Qd7 Qe3 38. Rxc6 Rxc6 39. Qxc6 Rd8 40. Qf3 Qd4 41. h3 Qxa4 42. Kh2 Qd1 43. Qxd1 Rxd1 44. Rb2 Kf7 45. Rf2 g5 46. g4 f4 47. g3 e5 48. gxf4 gxf4 49. Kg2 Ke6 50. Rb2 Rd6 51. a4 Ra6 52. Rb4 Kd5 53. Kf3 Rc6 54. Rb5+ Kd6 55. Rb3 Rc4 56. Rb6+ Kd5 57. Rxh6 Rxa4 58. Rh8 Ra3+ 59. Ke2 Ke4 60. h4 Ra2+ 61. Ke1 Ke3 62. Kd1 f3 0-1

[Event "RUS-ch Silent"]
[White "Oorzhak, Aldar"]
[Black "Shajakhmetov, Ildar"]
[Site "Zelenograd"]
[Round "11"]
[Result "1-0"]
[Date "2018.11.03"]
[WhiteElo "1899"]
[BlackElo "1837"]
[PlyCount "49"]
[EventDate "2018.10.25"]
[EventType "swiss"]
[EventRounds "11"]
[EventCountry "RUS"]
[SourceTitle "EXT 2020"]
[Source "ChessBase"]
[SourceDate "2019.10.17"]
[SourceVersion "1"]
[SourceVersionDate "2019.10.17"]
[SourceQuality "1"]

1. Nf3 d5 2. d4 e6 3. g3 Be7 4. Bg2 Nf6 5. 0-0 0-0 6. c4 c5 7. cxd5 Nxd5 8. e4 Nf6 9. e5 Nd5 10. dxc5 Bxc5 11. Qc2 Be7 12. Rd1 Nd7 13. Nc3 Qc7 14. Re1 N7b6 15. Nd4 Bd7 16. Nxd5 Nxd5 17. Qxc7 Nxc7 18. Bxb7 Rab8 19. Bg2 Nb5 20. Nb3 Rfc8 21. Rd1 Rc7 22. Bd2 Be8 23. Rac1 Rbc8 24. Rxc7 Rxc7 25. a4 1-0

[Event "RUS-ch Silent"]
[White "Oorzhak, Aldar"]
[Black "Ivanov, Nikolay A"]
[Site "Zelenograd"]
[Round "9"]
[Result "0-1"]
[Date "2018.11.01"]
[WhiteElo "1899"]
[BlackElo "1862"]
[PlyCount "104"]
[EventDate "2018.10.25"]
[EventType "swiss"]
[EventRounds "11"]
[EventCountry "RUS"]
[SourceTitle "EXT 2020"]
[Source "ChessBase"]
[SourceDate "2019.10.17"]
[SourceVersion "1"]
[SourceVersionDate "2019.10.17"]
[SourceQuality "1"]

1. d4 Nf6 2. c4 c5 3. d5 g6 4. Nc3 Bg7 5. Nf3 d6 6. h3 0-0 7. e4 e6 8. Bd3 exd5 9. cxd5 b5 10. Bxb5 Nxe4 11. Nxe4 Qa5+ 12. Qd2 Qxb5 13. Nxd6 Qa6 14. Nxc8 Re8+ 15. Kd1 Rxc8 16. Re1 Nd7 17. Qe2 Qd6 18. Kc2 Qxd5 19. Rd1 Qc6 20. Qe7 Nf6 21. Ng5 Rf8 22. Rd6 Qa4+ 23. Kd3 c4+ 24. Kd2 h6 25. Rxf6 Bxf6 26. Qxf6 hxg5 27. b3 Qa5+ 28. Kc2 cxb3+ 29. axb3 Qc5+ 30. Kb1 Rfe8 31. Qxg5 Qxg5 32. Bxg5 Re1+ 33. Kb2 Rxa1 34. Kxa1 Kf8 35. Kb2 Ke8 36. Kc3 Kd7 37. Kd3 Ke6 38. Be3 a6 39. Kc4 Rc8+ 40. Kb4 Kd5 41. Ka5 Kc6 42. Kxa6 Rb8 43. Ka5 Rxb3 44. Bf4 Kd5 45. Ka4 Rb2 46. Be3 Ke4 47. Ka3 Rb7 48. h4 f5 49. g3 Kf3 50. Ka2 Re7 51. Bc5 Re2+ 52. Kb3 Rxf2 0-1

[Event "RUS-ch Silent"]
[White "Petrenko, Mikhail"]
[Black "Oorzhak, Aldar"]
[Site "Zelenograd"]
[Round "4"]
[Result "1-0"]
[Date "2018.10.28"]
[WhiteElo "1925"]
[BlackElo "1899"]
[PlyCount "49"]
[EventDate "2018.10.25"]
[EventType "swiss"]
[EventRounds "11"]
[EventCountry "RUS"]
[SourceTitle "EXT 2020"]
[Source "ChessBase"]
[SourceDate "2019.10.17"]
[SourceVersion "1"]
[SourceVersionDate "2019.10.17"]
[SourceQuality "1"]

1. e4 e5 2. Nc3 Nf6 3. g3 Bc5 4. Bg2 Nc6 5. Nge2 d6 6. Na4 h5 7. Nxc5 dxc5 8. h4 Bg4 9. f3 Be6 10. b3 Qd7 11. Bb2 0-0-0 12. d3 Kb8 13. Qd2 c4 14. bxc4 Bxc4 15. Qg5 Be6 16. Bxe5 Nb4 17. Qd2 Qa4 18. 0-0 Rd7 19. Rfc1 Nxa2 20. Rxa2 Qxa2 21. Ra1 Qc4 22. Qe3 Rxd3 23. cxd3 Qc2 24. Qxa7+ Kc8 25. Rc1 1-0

[Event "RUS-ch Silent"]
[White "Oorzhak, Aldar"]
[Black "Maslov, Andrey"]
[Site "Zelenograd"]
[Round "8"]
[Result "1-0"]
[Date "2017.09.24"]
[WhiteElo "1853"]
[BlackElo "2046"]
[PlyCount "71"]
[EventDate "2017.09.19"]
[EventType "swiss"]
[EventRounds "11"]
[EventCountry "RUS"]
[SourceTitle "EXT 2019"]
[Source "ChessBase"]
[SourceDate "2018.10.10"]
[SourceVersion "1"]
[SourceVersionDate "2018.10.10"]
[SourceQuality "1"]

1. d4 Nf6 2. Nf3 e6 3. e3 b6 4. Bd3 Bb7 5. Nbd2 c5 6. 0-0 Nc6 7. c3 Be7 8. e4 cxd4 9. cxd4 Nb4 10. Bb1 d5 11. e5 Ne4 12. Re1 Nxd2 13. Bxd2 Nc6 14. a3 h6 15. Kh1 b5 16. g4 a5 17. Rg1 Qb6 18. g5 hxg5 19. Bxg5 Bxg5 20. Rxg5 g6 21. Qd2 Ne7 22. Rg4 Nf5 23. Bxf5 exf5 24. Rgg1 Rc8 25. Rae1 Rc6 26. e6 Rxe6 27. Rxe6+ fxe6 28. Rxg6 Bc8 29. Rg7 Qd8 30. Qf4 Qf6 31. Qe5 Qxe5 32. Nxe5 Rf8 33. Rc7 Kd8 34. Ra7 a4 35. Nc6+ Ke8 36. Re7# 1-0

[Event "Zelenograd-ch"]
[White "Ivanov, Roman"]
[Black "Oorzhak, Aldar"]
[Site "Zelenograd"]
[Round "10"]
[Result "1/2-1/2"]
[Date "2016.09.25"]
[WhiteElo "2064"]
[BlackElo "1712"]
[PlyCount "147"]
[EventDate "2016.09.19"]
[EventType "swiss"]
[EventRounds "11"]
[EventCountry "RUS"]
[SourceTitle "EXT 2017"]
[Source "ChessBase"]
[SourceDate "2016.10.25"]
[SourceVersion "1"]
[SourceVersionDate "2016.10.25"]
[SourceQuality "1"]

1. e4 e5 2. Nf3 Nc6 3. Bc4 Nf6 4. Nc3 Bc5 5. d3 h6 6. 0-0 0-0 7. Ne2 d5 8. exd5 Nxd5 9. Ng3 Bg4 10. h3 Be6 11. Re1 Bd6 12. Bd2 Re8 13. Bb5 f6 14. Ne4 a6 15. Ba4 Nb6 16. Bb3 Bxb3 17. axb3 Nd5 18. Nc3 Nde7 19. Ne4 f5 20. Nxd6 cxd6 21. Bc3 Nd5 22. Nh2 Nf4 23. Qf3 Rf8 24. d4 exd4 25. Qxf4 dxc3 26. bxc3 Qf6 27. Qc4+ Kh7 28. Re6 Qf7 29. Qd5 Rad8 30. Rae1 Rd7 31. c4 Rfd8 32. Nf3 g5 33. R6e2 Qf8 34. Re6 Ne7 35. Qd2 Ng6 36. Qc3 Rf7 37. Qe3 Rdd7 38. Qd4 Nf4 39. Re8 Qg7 40. Qxg7+ Kxg7 41. Nd4 d5 42. c5 Kf6 43. c6 bxc6 44. Nxc6 Rd6 45. Nd4 Kg7 46. Kh2 h5 47. g3 Ng6 48. R8e6 Rxe6 49. Rxe6 Rf6 50. Rxf6 Kxf6 51. Nc6 Ne7 52. Nxe7 Kxe7 53. Kg2 Ke6 54. Kf3 Ke5 55. Ke3 g4 56. f4+ gxf3 57. Kxf3 Kd4 58. Kf4 Kc3 59. Kxf5 Kxc2 60. g4 hxg4 61. hxg4 d4 62. g5 d3 63. g6 d2 64. g7 d1Q 65. g8Q Qf3+ 66. Ke5 Qc3+ 67. Kd6 Qb4+ 68. Ke5 Qxb3 69. Qg6+ Qd3 70. Qxd3+ Kxd3 71. Kd5 Kc3 72. Kc5 Kb3 73. Kb6 Kb4 74. Kxa6 1/2-1/2

[Event "Zelenograd-ch"]
[White "Oorzhak, Aldar"]
[Black "Shajakhmetov, Ildar"]
[Site "Zelenograd"]
[Round "8"]
[Result "1-0"]
[Date "2016.09.23"]
[WhiteElo "1712"]
[BlackElo "1785"]
[PlyCount "43"]
[EventDate "2016.09.19"]
[EventType "swiss"]
[EventRounds "11"]
[EventCountry "RUS"]
[SourceTitle "EXT 2017"]
[Source "ChessBase"]
[SourceDate "2016.10.25"]
[SourceVersion "1"]
[SourceVersionDate "2016.10.25"]
[SourceQuality "1"]

1. e4 g6 2. d4 Bg7 3. Nc3 d6 4. Be3 Nd7 5. Qd2 a6 6. f3 b5 7. a3 h5 8. Bd3 Bh6 9. Bxh6 Nxh6 10. Nge2 c5 11. dxc5 Nxc5 12. Nd4 Qb6 13. Nd5 Qb7 14. Nb3 Be6 15. Na5 Qa7 16. Nc6 Qd7 17. Ncxe7 Bxd5 18. Nxd5 Qb7 19. Qc3 Kd7 20. Nf6+ Ke6 21. Nd5 Nd7 22. Nc7+ 1-0

[Event "Zelenograd-ch"]
[White "Malyuga, Valentin"]
[Black "Oorzhak, Aldar"]
[Site "Zelenograd"]
[Round "4"]
[Result "0-1"]
[Date "2016.09.20"]
[WhiteElo "2110"]
[BlackElo "1712"]
[PlyCount "72"]
[EventDate "2016.09.19"]
[EventType "swiss"]
[EventRounds "11"]
[EventCountry "RUS"]
[SourceTitle "EXT 2017"]
[Source "ChessBase"]
[SourceDate "2016.10.25"]
[SourceVersion "1"]
[SourceVersionDate "2016.10.25"]
[SourceQuality "1"]

1. c4 c5 2. Nc3 g6 3. g3 Bg7 4. Bg2 e6 5. e4 Ne7 6. Nge2 Nbc6 7. 0-0 0-0 8. d3 h6 9. Be3 Nd4 10. Qd2 Kh7 11. f4 f5 12. Rae1 Rb8 13. a3 b6 14. Bxd4 cxd4 15. Nb5 Nc6 16. e5 Bb7 17. Nbxd4 a6 18. Bxc6 Bxc6 19. Nxc6 dxc6 20. d4 g5 21. Nc3 gxf4 22. Qxf4 h5 23. Rd1 Bh6 24. Qf3 Qe8 25. Ne2 b5 26. cxb5 Rxb5 27. b4 Rg8 28. Nc3 Rb7 29. Kh1 Rg4 30. h3 Rg8 31. Rd3 Rbg7 32. Ne2 Qg6 33. Rc3 f4 34. Rxc6 Qf5 35. Ng1 Rxg3 36. Qxg3 Rxg3 0-1